Analysis and design of integrated electronic circuits / (Record no. 181834)
[ view plain ]
| 000 -LEADER | |
|---|---|
| fixed length control field | 01118 a2200193 4500 |
| 003 - CONTROL NUMBER IDENTIFIER | |
| control field | Nust |
| 005 - DATE AND TIME OF LATEST TRANSACTION | |
| control field | 20221123142709.0 |
| 010 ## - LIBRARY OF CONGRESS CONTROL NUMBER | |
| LC control number | 80018067 |
| 020 ## - INTERNATIONAL STANDARD BOOK NUMBER | |
| International Standard Book Number | 0060412666 |
| 040 ## - CATALOGING SOURCE | |
| Transcribing agency | Nust |
| 082 00 - DEWEY DECIMAL CLASSIFICATION NUMBER | |
| Classification number | 621.3813,CHI |
| 100 1# - MAIN ENTRY--PERSONAL NAME | |
| Personal name | Chirlian, Paul M. |
| 9 (RLIN) | 57387 |
| 245 10 - TITLE STATEMENT | |
| Title | Analysis and design of integrated electronic circuits / |
| Statement of responsibility, etc. | Paul M. Chirlian. |
| 260 ## - PUBLICATION, DISTRIBUTION, ETC. | |
| Place of publication, distribution, etc. | New York : |
| Name of publisher, distributor, etc. | Harper & Row, |
| Date of publication, distribution, etc. | c1981. |
| 300 ## - PHYSICAL DESCRIPTION | |
| Extent | xvi, 570 p. : |
| Other physical details | ill. ; |
| Dimensions | 25 cm. |
| 505 ## - FORMATTED CONTENTS NOTE | |
| Formatted contents note | Summery of Electrical Devices (Page-1), Graphical Analysis of Electronic Circuits (Page-47), Linear Equivalent Circuits of Electronic Devices (Page-84), Piecewise Linear Equivalent Circuits (Page-151), Amplifier Fundamental (Page-180), Class A Small Signal Amplifier (Page-198), Unturned Large Signal Amplifiers (Page-320), Tuned Large signal Amplifiers (Page-362), Introduction to Signal Flow Graphs (Page-388), Feedback Amplifier (Page-401), Sinusoidal Oscillators (Page-448), Pulse, Switching And Digital Circuits (Page-468), Modulation and Demodulation (Page-494), Power Supplier (Page-525). |
| 650 #0 - SUBJECT ADDED ENTRY--TOPICAL TERM | |
| Topical term or geographic name entry element | Telecommunication Engineering |
| 942 ## - ADDED ENTRY ELEMENTS (KOHA) | |
| Source of classification or shelving scheme | |
| Koha item type | Book |
| Withdrawn status | Lost status | Source of classification or shelving scheme | Damaged status | Not for loan | Permanent Location | Current Location | Shelving location | Date acquired | Full call number | Barcode | Date last seen | Price effective from | Koha item type | Public note |
|---|---|---|---|---|---|---|---|---|---|---|---|---|---|---|
| Military College of Signals (MCS) | Military College of Signals (MCS) | General Stacks | 12/12/2016 | 621.3813,CHI | MCS5392 | 12/08/2016 | 12/12/2016 | Book | Almirah No.32, Shelf No.2 |
